| 000 | 00895nam a2200349Ia 4500 | ||
|---|---|---|---|
| 008 | 170711s9999 xx 000 0 und d | ||
| 020 | _a737722363 | ||
| 050 | _a306.48 | ||
| 050 | _bG366 2004 | ||
| 100 | _aGerdes, Louise I. | ||
| 245 | _aGenetic Engineering : | ||
| 245 | _bopposing view points / | ||
| 245 | _cLouise I. Gerdes. | ||
| 260 | _aUSA : | ||
| 260 | _bThomson Gale, | ||
| 260 | _c2004 | ||
| 300 | _a221 pages : | ||
| 300 | _billustrations ; | ||
| 300 | _c22cm. | ||
| 500 | _aIncludes index. | ||
| 650 | _aGenetic engineering -- | ||
| 650 | _aGenetic engineering -- | ||
| 650 | _aGentechnologie. | ||
| 650 | _aTechnology -- | ||
| 650 | _xCulture and institutions. | ||
| 650 | _xMoral and ethical aspects. | ||
| 650 | _xSocial aspects. | ||
| 700 | _aCothran, Helen. | ||
| 700 | _aGlassman, Bruce. | ||
| 700 | _aSzumski, Bonnie. | ||
| 700 | _aTitle. | ||
| 999 |
_c339619 _d339619 |
||